|
|
|
|
| LEADER |
00000nam a22000005a 4500 |
| 003 |
CL-ChBUA |
| 005 |
20120815091511.0 |
| 008 |
080801s2000 ag ||||| |||| 000 ||spa |
| 020 |
|
|
|a 9505075898
|
| 040 |
|
|
|a CL-ChBUA
|c CL-ChBUA
|
| 082 |
0 |
0 |
|a 793
|
| 090 |
|
|
|c 23352
|d 23352
|
| 100 |
1 |
|
|a Zuberman, Julio
|
| 245 |
1 |
0 |
|a Juegos en el agua
|
| 250 |
|
|
|a 2ª ed.
|
| 260 |
|
|
|a Buenos Aires
|b Bonum
|c 2000
|
| 300 |
|
|
|a 125 p.
|c 20 cm.
|
| 504 |
|
|
|a Indice, il.
|
| 650 |
|
4 |
|a JUEGOS EN GRUPO
|
| 650 |
|
4 |
|a EDUCACION INFANTIL
|
| 650 |
|
4 |
|a RECREACION
|
| 942 |
|
|
|c LIB
|
| 952 |
|
|
|0 0
|1 0
|4 0
|7 0
|9 56904
|a UNACH
|b UNACH
|c 700
|d 2008-08-01
|i 44.539
|l 1
|o 793 / J 91
|p 57990
|r 2016-10-18 00:00:00
|s 2014-09-02
|u 56904
|w 2012-08-08
|y LIB
|k 793 / J 91
|
| 999 |
|
|
|c 23352
|d 23352
|